LIBRARY & INFORMATION CENTRE, KCAET, TAVANUR

ONLINE PUBLIC ACCESS CATALOGUE (OPAC)

Shikkari / (Record no. 7225)

MARC details
000 -LEADER
fixed length control field 00286cam a2200133ua 4500
041 ## - LANGUAGE CODE
Language code of text/sound track or separate title mal
082 ## - DEWEY DECIMAL CLASSIFICATION NUMBER
Classification number 894.812 308
Item number VAN/SH
100 ## - MAIN ENTRY--AUTHOR NAME
Personal name Vanafool, .
245 ## - TITLE STATEMENT
Title Shikkari /
300 ## - PHYSICAL DESCRIPTION
Number of Pages 152 ; .
942 ## - ADDED ENTRY ELEMENTS (KOHA)
Koha item type Books
Holdings
Withdrawn status Lost status Damaged status Home library Current library Date acquired Full call number Accession Number Koha item type
Withdrawn     KAUAET KAUAET 07/04/2012 894.812 308 10284 Books
Withdrawn   Damaged KAUAET KAUAET 29/01/2021 894.812 308 VAN/SH 5790 Books
free website counter